[Event "YUG-chT2"]
[Site "Tivat"]
[Date "1995.??.??"]
[Round "7"]
[White "Smagin, Sergey"]
[Black "Velimirovic, Dragoljub"]
[Result "1-0"]
[WhiteElo "2540"]
[BlackElo "2520"]
[PlyCount "78"]
[EventDate "1995.??.??"]
[EventType "team"]
[EventRounds "11"]
[EventCountry "YUG"]
[Source "ChessBase"]
[SourceDate "2001.11.25"]
[WhiteTeamCountry "YUG"]
[BlackTeamCountry "YUG"]

1. e4 c5 2. c3 e6 3. Nf3 d5 4. exd5 exd5 5. d4 Nf6 6. Bb5+ Bd7 7. Bxd7+ Nbxd7
8. O-O Be7 9. dxc5 Nxc5 10. Nd4 O-O 11. Nf5 Re8 12. Nxe7+ Qxe7 13. Be3 Rad8 14.
Nd2 a6 15. Nf3 h6 16. Re1 Qc7 17. h3 Re4 18. Bd4 Ncd7 19. Nd2 Re6 20. Nf3 Rde8
21. Qb3 b5 22. Re3 Qc4 23. Nd2 Qc6 24. Nf1 a5 25. Rd1 Ne4 26. Ng3 Ne5 27. Nh5
Nc4 28. Nxg7 Nxe3 29. fxe3 a4 30. Qc2 Rg6 31. Nxe8 Qxe8 32. Rf1 Qe6 33. Rf3 h5
34. Kh2 Rg5 35. Rf4 Qg6 36. Qe2 Kh7 37. Qf3 Kg8 38. Bf6 Rg3 39. Rxe4 Kf8 1-0

[Event "YUG-chT2"]
[Site "Tivat"]
[Date "1995.??.??"]
[Round "8"]
[White "Velimirovic, Dragoljub"]
[Black "Kozakov, Mikhail"]
[Result "1-0"]
[WhiteElo "2520"]
[BlackElo "2350"]
[PlyCount "95"]
[EventDate "1995.??.??"]
[EventType "team"]
[EventRounds "11"]
[EventCountry "YUG"]
[Source "ChessBase"]
[SourceDate "2001.11.25"]
[WhiteTeamCountry "YUG"]
[BlackTeamCountry "YUG"]

1. e4 e5 2. Nf3 Nc6 3. Bb5 a6 4. Ba4 d6 5. Bxc6+ bxc6 6. d4 f6 7. Nc3 g6 8. Qd3
Nh6 9. dxe5 fxe5 10. Qc4 Qd7 11. h4 Nf7 12. h5 Bb7 13. hxg6 hxg6 14. Rxh8 Nxh8
15. Qg8 Qg7 16. Qe6+ Qe7 17. Qb3 Bc8 18. Be3 Nf7 19. O-O-O Qe6 20. Qa4 Bd7 21.
Qa5 Kd8 22. Ng5 Nxg5 23. Bxg5+ Be7 24. Be3 Bf6 25. b3 Qe7 26. Kb2 Be6 27. Na4
Ke8 28. Qb4 Bd7 29. Rh1 Kf8 30. Qb7 Qd8 31. Rh7 Bg7 32. Bh6 Bxh6 33. Rh8+ Ke7
34. Qxa8 Qxa8 35. Rxa8 Bd2 36. Rxa6 g5 37. Ra7 Kd8 38. Ra8+ Bc8 39. f3 c5 40.
c4 Be1 41. Nc3 c6 42. Ra7 Bd7 43. Nd1 g4 44. Kc2 g3 45. Ne3 Bf2 46. Nf5 d5 47.
cxd5 cxd5 48. Rxd7+ 1-0

[Event "YUG-chT2"]
[Site "Tivat"]
[Date "1995.??.??"]
[Round "9"]
[White "Georgiev, Kiril"]
[Black "Velimirovic, Dragoljub"]
[Result "1/2-1/2"]
[WhiteElo "2625"]
[BlackElo "2520"]
[PlyCount "65"]
[EventDate "1995.??.??"]
[EventType "team"]
[EventRounds "11"]
[EventCountry "YUG"]
[Source "ChessBase"]
[SourceDate "2001.11.25"]
[WhiteTeamCountry "YUG"]
[BlackTeamCountry "YUG"]

1. Nf3 c5 2. c4 g6 3. e4 Nc6 4. d4 cxd4 5. Nxd4 Nf6 6. Nc3 d6 7. Be2 Nxd4 8.
Qxd4 Bg7 9. Bg5 O-O 10. Qe3 Be6 11. O-O Qb6 12. Rab1 Rfc8 13. b3 Qxe3 14. Bxe3
Ng4 15. Bd2 Be5 16. Nd5 Kf8 17. h3 Nf6 18. Bd3 Nd7 19. Rfc1 Nc5 20. Bc2 f5 21.
exf5 Bxf5 22. Ne3 Bxc2 23. Rxc2 Kf7 24. Ng4 Bd4 25. Be3 Bxe3 26. Nxe3 Nd7 27.
Kf1 a6 28. Rbc1 Rc5 29. Ke2 Rac8 30. Kd2 Nf6 31. Kd3 b6 32. Rc3 e6 33. R3c2
1/2-1/2

[Event "YUG-chT2"]
[Site "Tivat"]
[Date "1995.??.??"]
[Round "10"]
[White "Velimirovic, Dragoljub"]
[Black "Popov, Luben"]
[Result "1-0"]
[WhiteElo "2520"]
[BlackElo "2385"]
[PlyCount "99"]
[EventDate "1995.??.??"]
[EventType "team"]
[EventRounds "11"]
[EventCountry "YUG"]
[Source "ChessBase"]
[SourceDate "2001.11.25"]
[WhiteTeamCountry "YUG"]
[BlackTeamCountry "YUG"]

1. e4 c5 2. Nf3 e6 3. d4 cxd4 4. Nxd4 a6 5. c4 Nf6 6. Nc3 d6 7. Be3 b6 8. g3
Bb7 9. Bg2 Nbd7 10. O-O Qc7 11. Rc1 Be7 12. f4 Rc8 13. f5 e5 14. Nd5 Qd8 15.
Nb3 O-O 16. Nxe7+ Qxe7 17. Nd2 Nc5 18. Bg5 a5 19. Qe2 h6 20. Bxf6 Qxf6 21. Nb1
Nd7 22. Nc3 Qe7 23. b3 Nf6 24. Rcd1 Rfd8 25. h4 Bc6 26. Kh2 a4 27. b4 a3 28.
Rc1 Bb7 29. Na4 Qc7 30. g4 b5 31. cxb5 Qxc1 32. Rxc1 Rxc1 33. g5 hxg5 34. hxg5
Nd7 35. Qd2 Rdc8 36. Qxd6 Nf8 37. Nc5 Ba8 38. Qd3 Nh7 39. g6 Nf6 40. gxf7+ Kxf7
41. Qb3+ Kf8 42. Qxa3 Rc2 43. b6 Nxe4 44. b7 Bxb7 45. Nxb7 R8c4 46. b5+ Kg8 47.
Nd6 Nxd6 48. Qxd6 Re4 49. Qe6+ Kf8 50. f6 1-0

[Event "YUG-chT2"]
[Site "Tivat"]
[Date "1995.??.??"]
[Round "11"]
[White "Jakovljevic, Milan"]
[Black "Velimirovic, Dragoljub"]
[Result "0-1"]
[WhiteElo "2330"]
[BlackElo "2520"]
[PlyCount "62"]
[EventDate "1995.??.??"]
[EventType "team"]
[EventRounds "11"]
[EventCountry "YUG"]
[Source "ChessBase"]
[SourceDate "2001.11.25"]
[WhiteTeamCountry "YUG"]
[BlackTeamCountry "YUG"]

1. e4 c5 2. Nf3 Nc6 3. d4 cxd4 4. Nxd4 g6 5. c4 Nf6 6. Nc3 d6 7. Be2 Nxd4 8.
Qxd4 Bg7 9. Bg5 O-O 10. Qd2 Be6 11. Rc1 a6 12. f3 Rc8 13. b3 b5 14. cxb5 axb5
15. Nxb5 Rxc1+ 16. Qxc1 Qa5+ 17. Qd2 Ra8 18. Nc3 h6 19. Be3 Ng4 20. Bd4 Bxd4
21. Qxd4 Rc8 22. Kd2 Qg5+ 23. Kc2 Ne3+ 24. Kb2 Qxg2 25. Qxe3 Qxh1 26. Qxh6 Qe1
27. Bc4 Qf2+ 28. Ka1 Qd4 29. Qc1 Bxc4 30. bxc4 Qxc4 31. Kb2 Qb4+ 0-1

[Event "YUG-ch"]
[Site "Novi Sad"]
[Date "1995.??.??"]
[Round "?"]
[White "Drasko, Milan"]
[Black "Velimirovic, Dragoljub"]
[Result "1/2-1/2"]
[WhiteElo "2510"]
[BlackElo "2520"]
[PlyCount "37"]
[EventDate "1995.02.??"]
[EventType "tourn"]
[EventRounds "17"]
[EventCountry "YUG"]
[EventCategory "10"]
[Source "ChessBase"]
[SourceDate "1995.12.01"]
[WhiteTeamCountry "YUG"]
[BlackTeamCountry "YUG"]

1. d4 c5 2. d5 Nf6 3. c4 g6 4. Nf3 Bg7 5. g3 O-O 6. Bg2 d6 7. O-O a6 8. a4 e6
9. Nc3 exd5 10. cxd5 Nbd7 11. Bf4 Qe7 12. h3 Rb8 13. e4 b5 14. axb5 axb5 15.
Re1 Ne8 16. Qe2 b4 17. Nb5 Rb6 18. Na7 Bb7 19. e5 1/2-1/2

[Event "YUG-ch"]
[Site "Novi Sad"]
[Date "1995.??.??"]
[Round "?"]
[White "Gligoric, Svetozar"]
[Black "Velimirovic, Dragoljub"]
[Result "1/2-1/2"]
[WhiteElo "2455"]
[BlackElo "2520"]
[PlyCount "27"]
[EventDate "1995.02.??"]
[EventType "tourn"]
[EventRounds "17"]
[EventCountry "YUG"]
[EventCategory "10"]
[Source "ChessBase"]
[SourceDate "1995.12.01"]
[WhiteTeamCountry "YUG"]
[BlackTeamCountry "YUG"]

1. d4 Nf6 2. c4 c5 3. Nf3 cxd4 4. Nxd4 Nc6 5. Nc3 g6 6. e4 d6 7. Be2 Bg7 8. Be3
O-O 9. O-O Bd7 10. Qd2 Nxd4 11. Bxd4 Be6 12. f3 a5 13. Rfd1 Nd7 14. Be3 1/2-1/2

[Event "YUG-ch"]
[Site "Novi Sad"]
[Date "1995.??.??"]
[Round "?"]
[White "Kosic, Dragan"]
[Black "Velimirovic, Dragoljub"]
[Result "0-1"]
[WhiteElo "2500"]
[BlackElo "2520"]
[Annotator "Baburin"]
[PlyCount "110"]
[EventDate "1995.02.??"]
[EventType "tourn"]
[EventRounds "17"]
[EventCountry "YUG"]
[EventCategory "10"]
[Source "ChessBase"]
[SourceDate "1995.12.01"]
[WhiteTeamCountry "YUG"]
[BlackTeamCountry "YUG"]

1. c4 Nf6 2. Nc3 g6 3. d4 Bg7 4. Nf3 O-O 5. e3 d6 6. Be2 c5 7. O-O Nc6 8. b3 $6
(8. d5) 8... d5 9. Bb2 cxd4 10. Nxd4 Nxd4 11. exd4 b6 12. Bf3 Bb7 13. Re1 e6
14. Ba3 Re8 15. Qd2 Qd7 16. Nb5 Red8 17. Rad1 dxc4 18. Bxb7 c3 $1 {Leaving Whit
e with the isolated d4-pawn, when some pieces are swapped and Black controls
the d5-square.} 19. Qxc3 Qxb7 20. Nd6 Qa6 21. Nc4 Rac8 22. Qb2 Nd5 23. Ne5 Nf4
24. Nf3 Rd7 25. Re4 Rdc7 26. Bd6 Rc2 $19 27. Qxc2 Rxc2 28. Bxf4 h6 29. d5 Qb7
30. Rc4 Rxc4 31. bxc4 Qd7 32. d6 f6 33. Be3 Bf8 34. c5 bxc5 35. Bxc5 Qa4 36.
Rc1 Qf4 37. Rd1 Qa4 38. Rc1 Qf4 39. Rd1 Qa4 40. Rc1 Qc6 41. Ba3 Qd5 42. Nh4
Bxd6 43. Bxd6 Qxd6 44. g3 g5 45. Ng2 Qd2 46. Rc8+ Kf7 47. Rc7+ Kg6 48. h4 Qxa2
49. Ne3 gxh4 50. gxh4 a5 51. h5+ Kg5 52. Rg7+ Kf4 53. Rg6 f5 54. Kg2 a4 55.
Rxh6 a3 0-1

[Event "YUG-ch"]
[Site "Novi Sad"]
[Date "1995.??.??"]
[Round "?"]
[White "Mozetic, Dejan"]
[Black "Velimirovic, Dragoljub"]
[Result "1/2-1/2"]
[WhiteElo "2540"]
[BlackElo "2520"]
[PlyCount "23"]
[EventDate "1995.02.??"]
[EventType "tourn"]
[EventRounds "17"]
[EventCountry "YUG"]
[EventCategory "10"]
[Source "ChessBase"]
[SourceDate "1995.12.01"]
[WhiteTeamCountry "YUG"]
[BlackTeamCountry "YUG"]

1. Nf3 Nf6 2. c4 c5 3. Nc3 g6 4. d4 cxd4 5. Nxd4 Nc6 6. g3 Bg7 7. Bg2 O-O 8.
O-O Nxd4 9. Qxd4 d6 10. Qd3 Bf5 11. e4 Bd7 12. Bd2 1/2-1/2

[Event "YUG-ch"]
[Site "Novi Sad"]
[Date "1995.??.??"]
[Round "?"]
[White "Petronic, Jovan"]
[Black "Velimirovic, Dragoljub"]
[Result "0-1"]
[WhiteElo "2450"]
[BlackElo "2520"]
[PlyCount "158"]
[EventDate "1995.02.??"]
[EventType "tourn"]
[EventRounds "17"]
[EventCountry "YUG"]
[EventCategory "10"]
[Source "ChessBase"]
[SourceDate "1995.12.01"]
[WhiteTeamCountry "YUG"]
[BlackTeamCountry "YUG"]

1. d4 c5 2. e3 Nf6 3. c4 g6 4. dxc5 Na6 5. a3 Nxc5 6. b4 Ne6 7. Bb2 Bg7 8. Nc3
O-O 9. Qb3 a5 10. Nf3 d6 11. Rc1 axb4 12. axb4 Qb6 13. Nd2 Nc7 14. Be2 Bg4 15.
O-O Bxe2 16. Nxe2 Na6 17. Bc3 Nd7 18. Bxg7 Kxg7 19. Qc3+ Kg8 20. Rb1 Ra7 21.
Nf4 Nc7 22. h4 Nf6 23. Rfc1 Qc6 24. b5 Qc5 25. Nd3 Qb6 26. c5 dxc5 27. Nc4 Qe6
28. Nxc5 Qf5 29. Qe5 b6 30. Qxf5 gxf5 31. Nxb6 Rb8 32. Nca4 Nxb5 33. Rxb5 Rxa4
34. Nxa4 Rxb5 35. Nc3 Rb2 36. f3 Rb4 37. g3 Rb2 38. Nd1 Rd2 39. Nf2 Re2 40.
Rc8+ Kg7 41. Rc5 e6 42. e4 fxe4 43. Rg5+ Kf8 44. Nxe4 Nxe4 45. fxe4 Rxe4 46.
Kf2 h6 47. Ra5 Rc4 48. Kf3 Rc3+ 49. Kf4 Kg7 50. Rb5 Kg6 51. Ra5 Rd3 52. Rb5
Rd4+ 53. Kf3 Rd5 54. Rb4 Rf5+ 55. Ke3 h5 56. Ra4 Rb5 57. Kf3 Rb3+ 58. Kf2 e5
59. Rc4 Kf5 60. Ra4 f6 61. Rc4 e4 62. Ra4 Rb2+ 63. Ke3 Rg2 64. Ra5+ Kg4 65.
Kxe4 Rxg3 66. Ra8 f5+ 67. Kd4 Kxh4 68. Ke5 Rf3 69. Kf6 Rf1 70. Ke5 Kh3 71. Rg8
h4 72. Kd4 Re1 73. Rf8 Kg4 74. Rg8+ Kf4 75. Rh8 Re4+ 76. Kd3 Kg3 77. Rh5 h3 78.
Rxf5 Rh4 79. Rg5+ Kf4 0-1

[Event "YUG-ch"]
[Site "Novi Sad"]
[Date "1995.??.??"]
[Round "?"]
[White "Popovic, Petar"]
[Black "Velimirovic, Dragoljub"]
[Result "1-0"]
[WhiteElo "2545"]
[BlackElo "2520"]
[Annotator "Belov"]
[PlyCount "81"]
[EventDate "1995.02.??"]
[EventType "tourn"]
[EventRounds "17"]
[EventCountry "YUG"]
[EventCategory "10"]
[Source "ChessBase"]
[SourceDate "1995.10.01"]
[WhiteTeamCountry "YUG"]
[BlackTeamCountry "YUG"]

1. e4 c5 2. Nf3 Nc6 3. d4 cxd4 4. Nxd4 g6 5. c4 Nf6 6. Nc3 d6 7. Be2 Nxd4 8.
Qxd4 Bg7 9. Bg5 O-O 10. Qd2 a6 (10... Be6 11. O-O Rc8 12. b3 b5 13. e5 dxe5 14.
Qxd8 (14. Nxb5 a6 15. Nc3 Qc7 16. Rad1 h5 17. Bf3 Rfd8 18. Qc1 $14 {
Waitzkin,I-Klovsky,R/New York/1994/1:0/74/}) 14... Rfxd8 15. Nxb5 a6 16. Nc3 h6
17. Be3 Ng4 18. Bb6 $16 {Bologan,V-Michenka,J/Ostrava/1993/1:0/40/}) 11. O-O
Be6 12. b3 (12. Rad1 Qa5 13. b3 b5 14. Bxf6 Bxf6 15. Nd5 Qxd2 16. Nxf6+ exf6
17. Rxd2 {Kramnik,V-Anand,V/Moscow(25')/1994/0,5/}) (12. f3 Qa5 13. Nd5 Qxd2
14. Nxe7+ Kh8 15. Bxd2 Rfe8 16. Nd5 Nxd5 17. cxd5 Bxd5 18. Bc3 {
Short,N-Andersson,U/Novi Sad olm/1990/0,5/}) (12. Bd3 Nd7 13. Nd5 Bxd5 14. exd5
Bf6 15. Be3 Nc5 16. Bc2 a5 17. Rab1 Qb6 $10 {
Polgar,J-Ivanchuk,V/Buenos Aires/1994/0,5/32/}) 12... b5 (12... Rc8 13. Rac1 b5
14. cxb5 axb5 15. Bxf6 (15. Bxb5 Qa5 16. Nd5 Qxb5 17. Nxe7+ Kh8 18. Bxf6 Bxf6
19. Nxc8 Rxc8 20. Rxc8+ Bxc8 21. Qxd6 Kg7 22. Qd2 $14) 15... Bxf6 16. Nxb5 Qb6
$44 {Ernst,T-Bern,I/Gausdal/1993/1:0/44/}) 13. cxb5 axb5 14. Bxb5 Qa5 (14...
Rc8 $5 15. Bd3 (15. Rac1 Qa5 16. Nd5 Qxb5 17. Nxe7+ Kh8 18. Nxc8 Rxc8 19. Rxc8+
Bxc8 20. Bxf6 Bxf6 21. Qxd6 Kg7 22. Qd2 $14) 15... Rxc3 (15... Qa5 16. Ne2) 16.
Qxc3 Nxe4 17. Qa5 Nxg5 18. Qxg5 Bxa1 19. Rxa1 $13) 15. Qd3 Nd7 (15... Ng4 16.
Bd2 (16. Rac1 Bxc3 17. Rxc3 Ne5 18. Qc2 Qxb5 19. Bxe7 Rfc8 $17) 16... Rfc8 (
16... Ne5 17. Qe2 $16) 17. Rac1 Bxc3 $2 (17... Ne5 18. Qe2 $16) 18. Rxc3 $1 (
18. Bxc3 Rxc3 19. Rxc3 Ne5 20. Qc2 Qxb5 $17) 18... Rxc3 19. Bxc3 Qxa2 20. h3
Ne5 21. Bxe5 dxe5 22. Bc4 $14) 16. Bxd7 (16. Bd2 $2 Nc5 17. Nd5 Nxd3 18. Bxa5
Rxa5 19. Nxe7+ Kh8 20. Bxd3 Bxa1 21. Rxa1 Bxb3 $19) 16... Qxg5 (16... Bxd7 17.
Bd2 Rfc8 18. Rfc1 $14) 17. Bxe6 fxe6 18. a4 $14 Qc5 19. Rac1 Bh6 20. Rcd1 Rf6 (
20... Rab8 21. Nb5 Rxf2 22. Rxf2 Be3 23. Rdf1 Rf8 24. Qe2 h5 25. g3 $18) 21.
Qd4 $1 (21. Nb5 Raf8 22. Qd4 (22. Qe2 Rxf2 23. Rxf2 Rxf2 24. Qxf2 Be3 $19) (22.
Nd4 $5 e5 23. Nf3) 22... Qc2 $132) 21... Qh5 22. Rd3 Bf4 23. Rh3 (23. g3 Be5
24. Qe3 g5 $132) 23... Qg4 $6 (23... Qe5 24. Qxe5 Bxe5 25. Nb5 Rff8 26. Rc1
Rfc8 $14) 24. Nd5 $1 Rf7 (24... exd5 25. Qxd5+ Kg7 26. Qxa8 $18) 25. Nxf4 Rxf4
26. Re3 $16 Rff8 (26... Rc8 27. a5 Rc2 28. a6 $18) 27. h3 Qg5 28. Rg3 (28. Rc3
Rfc8 29. Rfc1 Qxc1+ 30. Rxc1 Rxc1+ 31. Kh2 $16) 28... Qa5 29. Rc1 Rab8 30. Qc4
$1 (30. Rgc3 Rb4 31. Qe3 Qe5 $44) 30... d5 $6 (30... Rf6 31. Qc7 Qxc7 32. Rxc7
Kf7 33. Rgc3 $16) 31. Qc6 Rb6 (31... Rf6 32. e5 $18) 32. Qc7 $1 Qb4 (32... Rf7
33. exd5 exd5 34. Qe5 Rxf2 35. Kxf2 Qd2+ 36. Kg1 Qxc1+ 37. Kh2 Qc8 (37... Qd2
38. Rf3 e6 39. Qf6 $18) 38. Qxd5+ $18) 33. Rcc3 $6 (33. exd5 exd5 34. Re3 $16)
33... Rbb8 $2 (33... d4 34. Rcf3 Rfb8 35. Qe5 Qd6 36. Qg5 e5 37. h4 $16) (33...
dxe4 $5 34. Qe5 Rd6 $132) 34. exd5 exd5 35. Qe5 $18 Rbe8 36. Qe6+ Kg7 37. Qe5+
Kg8 38. Rc6 (38. Qxd5+ $18) 38... Kf7 39. Qe6+ Kg7 40. Rxg6+ $1 hxg6 41. Qxg6+
(41. Qxg6+ Kh8 42. Qh6+ Kg8 43. Rg6+ Kf7 44. Rg7#) 1-0

[Event "YUG-ch"]
[Site "Novi Sad"]
[Date "1995.??.??"]
[Round "?"]
[White "Simic, Radoslav"]
[Black "Velimirovic, Dragoljub"]
[Result "0-1"]
[WhiteElo "2485"]
[BlackElo "2520"]
[PlyCount "92"]
[EventDate "1995.02.??"]
[EventType "tourn"]
[EventRounds "17"]
[EventCountry "YUG"]
[EventCategory "10"]
[Source "ChessBase"]
[SourceDate "1995.12.01"]
[WhiteTeamCountry "YUG"]
[BlackTeamCountry "YUG"]

1. Nf3 Nf6 2. g3 g6 3. Bg2 Bg7 4. O-O O-O 5. d4 d6 6. Nc3 Nbd7 7. e4 c5 8. e5
Ne8 9. exd6 Nxd6 10. dxc5 Nxc5 11. Be3 Ne6 12. Qe2 Qa5 13. Rfd1 Nf5 14. Rd5 Qa6
15. Qd2 Nxe3 16. Qxe3 Qb6 17. Qxb6 axb6 18. Rb5 Bxc3 19. bxc3 Nc5 20. Rxb6 Ra3
21. Ne5 Rd8 22. Nd3 Nxd3 23. cxd3 Rxd3 24. Bxb7 Be6 25. Rc6 Bh3 26. Ra6 Raxc3
27. Bg2 Be6 28. a4 Rd2 29. a5 Ra3 30. Rb1 Raa2 31. Rf1 Bc4 32. Ra8+ Kg7 33. Rc1
Rxf2 34. Bh1 Be6 35. a6 Rxh2 36. Bb7 Rhb2 37. Re8 Rb3 38. Rxe7 Rxg3+ 39. Kh1
Ra5 40. Kh2 Rg4 41. Rc3 Ra2+ 42. Kh1 Ra1+ 43. Kh2 Ra2+ 44. Kh1 Rc4 45. Rc7 Rxc7
46. Rxc7 h5 0-1

[Event "YUG-ch"]
[Site "Novi Sad"]
[Date "1995.??.??"]
[Round "?"]
[White "Velimirovic, Dragoljub"]
[Black "Barlov, Dragan"]
[Result "1/2-1/2"]
[WhiteElo "2520"]
[BlackElo "2485"]
[Annotator "Donev"]
[PlyCount "78"]
[EventDate "1995.02.??"]
[EventType "tourn"]
[EventRounds "17"]
[EventCountry "YUG"]
[EventCategory "10"]
[Source "ChessBase"]
[SourceDate "1995.12.01"]
[WhiteTeamCountry "YUG"]
[BlackTeamCountry "YUG"]

1. e4 g6 2. d4 Bg7 3. Nc3 d6 4. f4 Nf6 5. Nf3 O-O 6. Bd3 Na6 7. O-O c5 8. d5
Rb8 9. Qe2 Nc7 10. a4 a6 11. a5 e6 12. dxe6 Nxe6 13. f5 Nd4 14. Qf2 d5 15. fxg6
fxg6 16. exd5 Nxf3+ 17. gxf3 Nxd5 18. Bc4 Be6 19. Qe2 Bf7 20. Ne4 Qe7 21. c3 h6
22. Bd2 Rbe8 23. Qf2 Nf6 24. Bd3 c4 25. Nxf6+ Qxf6 26. Be4 Rd8 27. Be3 Bd5 28.
Bb6 Bxe4 29. Bxd8 Qxd8 30. Qg3 Bd3 31. Rfe1 Qf6 32. Re3 h5 33. Rae1 Bh6 34. Re7
Qxf3 35. Qxf3 Rxf3 36. Rxb7 Be3+ 37. Kg2 Rf2+ 38. Kg3 Be2 39. Re7 {
Beide Läufer sind angegrifen, darum retet sich Schwarz mit Dauerschach.} Rf3+ (
39... Rf3+ 40. Kg2 (40. Kh4 $2 g5+ 41. Kxh5 Rf7+ 42. Rxe2 Rxe7 $19) 40... Rf2+
41. Kg3 (41. Kg1 Rf1+ 42. Kg2 Rxe1 43. Rxe3 Bf1+ 44. Kf2 Rxe3 $19) 41... Rf3+ {
Dauerschach}) 1/2-1/2

[Event "YUG-ch"]
[Site "Novi Sad"]
[Date "1995.??.??"]
[Round "?"]
[White "Velimirovic, Dragoljub"]
[Black "Damljanovic, Branko"]
[Result "0-1"]
[WhiteElo "2520"]
[BlackElo "2575"]
[Annotator "Hecht"]
[PlyCount "135"]
[EventDate "1995.02.??"]
[EventType "tourn"]
[EventRounds "17"]
[EventCountry "YUG"]
[EventCategory "10"]
[Source "ChessBase"]
[SourceDate "1995.12.01"]
[WhiteTeamCountry "YUG"]
[BlackTeamCountry "YUG"]

1. e4 e5 2. Nf3 Nc6 3. Bb5 a6 4. Ba4 Nf6 5. O-O Be7 6. Re1 b5 7. Bb3 O-O 8. d4
d6 9. c3 Bg4 10. d5 Na5 11. Bc2 c6 12. h3 Bh5 13. dxc6 Nxc6 14. Bg5 Ne8 15. Be3
Rb8 16. Nbd2 Nc7 17. Nf1 Bg6 18. Qe2 Qc8 19. Ng3 d5 20. exd5 Nxd5 21. Bxg6 hxg6
22. Rad1 Rd8 23. Bc1 Bf6 24. Qe4 Nde7 25. Qg4 Rxd1 26. Qxc8+ Nxc8 27. Rxd1 Nb6
28. Ne4 Be7 29. g4 Rd8 30. Rxd8+ Bxd8 31. b3 Be7 32. Kf1 f6 33. Ne1 Kf7 34. Nd3
f5 35. Ng5+ Bxg5 36. Bxg5 {trotz offener Stellung starke Springer bei
verteilten Bauernmehrheiten; Raum, Bauerndurchbruch unter Figurenopfer;
aktiver schwarzer K} Nd7 37. f3 Ke6 38. Ke2 Kd5 39. Be3 f4 40. Bd2 g5 41. Nf2
Nc5 42. b4 Ne6 43. Ne4 a5 $5 44. a4 $5 (44. a3 $5 Kc4 45. Nd6+) 44... axb4 45.
axb5 b3 46. bxc6 (46. Kd3 Na5 47. b6 Nc5+ 48. Nxc5 Kxc5 49. c4 Kxb6 50. Bc3 $13
{Analyse!}) 46... b2 47. c4+ Kxc4 48. Nc3 Nd4+ 49. Kd1 Nxc6 50. Nb1 Nd4 51. Bc3
Nxf3 52. Bxb2 Kd3 53. Nc3 Ng1 54. Na4 e4 55. Ke1 Nxh3 56. Bxg7 f3 57. Nc5+ Ke3
58. Kf1 Kf4 59. Ne6+ Kxg4 60. Bd4 Kf5 61. Ng7+ Kg6 62. Ne6 g4 63. Bf2 $6 (63.
Be3 $5 g3 (63... Kf5 $5) 64. Nf4+ Nxf4 65. Bxf4 g2+ 66. Kf2 Kf5 67. Bh2 Kg4 68.
Bg1 Kh3 69. Ke3 Kg3 70. Bf2+ Kh2 71. Kxe4 g1=Q 72. Bxg1+ Kxg1 73. Kxf3) 63...
Kf5 64. Nd4+ Ke5 65. Nc6+ Kf4 66. Nb4 Nxf2 67. Kxf2 g3+ 68. Kf1 0-1

[Event "YUG-ch"]
[Site "Novi Sad"]
[Date "1995.??.??"]
[Round "?"]
[White "Velimirovic, Dragoljub"]
[Black "Ilincic, Zlatko"]
[Result "0-1"]
[WhiteElo "2520"]
[BlackElo "2565"]
[PlyCount "90"]
[EventDate "1995.02.??"]
[EventType "tourn"]
[EventRounds "17"]
[EventCountry "YUG"]
[EventCategory "10"]
[Source "ChessBase"]
[SourceDate "1995.12.01"]
[WhiteTeamCountry "YUG"]
[BlackTeamCountry "YUG"]

1. e4 c5 2. Nf3 d6 3. d4 cxd4 4. Nxd4 Nf6 5. Nc3 a6 6. Be3 e6 7. g4 h6 8. Bg2
Nc6 9. h3 Ne5 10. Qe2 g5 11. O-O-O Bd7 12. f4 gxf4 13. Bxf4 Qc7 14. Nf3 O-O-O
15. Qf2 Be7 16. Qa7 Nxf3 17. Bxf3 Bc6 18. Rd3 Nd7 19. Rhd1 Ne5 20. Bxe5 dxe5
21. Nd5 exd5 22. exd5 e4 23. dxc6 Rxd3 24. cxb7+ Kd7 25. Rxd3+ exd3 26. Qd4+
Bd6 27. Qxd3 Qa5 28. c4 Re8 29. a3 Qg5+ 30. Kd1 Kc7 31. b4 Bf4 32. Qd4 Kb8 33.
Bc6 Qe5 34. Qd7 Qa1+ 35. Kc2 Qa2+ 36. Kc3 Re3+ 37. Kd4 Qd2+ 38. Kc5 Qxd7 39.
Bxd7 Kxb7 40. a4 Rxh3 41. b5 axb5 42. axb5 Be3+ 43. Kd5 Kb6 44. Ke4 Bc5 45. Kd5
Rd3+ 0-1

[Event "YUG-ch"]
[Site "Novi Sad"]
[Date "1995.??.??"]
[Round "?"]
[White "Velimirovic, Dragoljub"]
[Black "Nikolic, Zivoslav"]
[Result "1/2-1/2"]
[WhiteElo "2520"]
[BlackElo "2480"]
[PlyCount "48"]
[EventDate "1995.02.??"]
[EventType "tourn"]
[EventRounds "17"]
[EventCountry "YUG"]
[EventCategory "10"]
[Source "ChessBase"]
[SourceDate "1995.12.01"]
[WhiteTeamCountry "YUG"]
[BlackTeamCountry "YUG"]

1. e4 e5 2. Nf3 Nc6 3. Bb5 f5 4. Nc3 fxe4 5. Nxe4 d5 6. Nxe5 dxe4 7. Nxc6 Qg5
8. Qe2 Nf6 9. f4 Qxf4 10. Nxa7+ Bd7 11. Bxd7+ Kxd7 12. Qb5+ Ke6 13. Qc4+ Kd7
14. d4 Qf5 15. Nb5 c6 16. Nc3 Bd6 17. Rf1 Qh5 18. Bf4 b5 19. Qb3 Bxf4 20. Rxf4
Qxh2 21. Qf7+ Kc8 22. Qe6+ Kb7 23. Qe7+ Kb6 24. Qc5+ Kb7 1/2-1/2

[Event "YUG-ch"]
[Site "Novi Sad"]
[Date "1995.??.??"]
[Round "?"]
[White "Velimirovic, Dragoljub"]
[Black "Ristic, Nenad"]
[Result "0-1"]
[WhiteElo "2520"]
[BlackElo "2395"]
[Annotator "Wedberg"]
[PlyCount "76"]
[EventDate "1995.02.??"]
[EventType "tourn"]
[EventRounds "17"]
[EventCountry "YUG"]
[EventCategory "10"]
[Source "ChessBase"]
[SourceDate "1995.12.01"]
[WhiteTeamCountry "YUG"]
[BlackTeamCountry "YUG"]

1. e4 e5 2. Nf3 Nc6 3. Bb5 f5 4. Bxc6 dxc6 5. Nc3 Nf6 6. Qe2 fxe4 7. Nxe4 Bg4
8. d3 (8. Nxf6+ gxf6 9. d4 Qd5 10. dxe5 Bxf3 11. Qxf3 Qxf3 12. gxf3 fxe5 $13 {
Adla,Diego-Antunes,Antonio/Havana CAP-IB/1992}) (8. b3 Bxf3 9. Qxf3 Nxe4 10.
Qxe4 Qd4 11. Qxd4 exd4 12. O-O O-O-O 13. Re1 d3 $17 {
Mossin,A-Briem,S/Reykjavik op (05)/1994}) (8. h3 Bh5 (8... Bxf3 9. Qxf3 Nxe4 (
9... Qd5 $142) 10. Qxe4 Qd4 11. d3 Qxe4+ 12. dxe4 $14 {
Alvarez Ibarra,DR-Alonso,R/Capablanca mem-B/1993}) 9. d3 Qd5 10. g4 Bf7 11. c4
$5 Bb4+ 12. Bd2 Bxd2+ 13. Nexd2 Qe6 14. Nxe5 $16 {
Milos,G-Van Riemsdijk,H/Sao Paulo zt/1993}) 8... Qd5 (8... Be7 9. h3 Bxf3 10.
Nxf6+ Bxf6 11. Qxf3 O-O 12. O-O Bg5 13. Bxg5 Qxg5 14. Qg4 $14 {
Hecht,H-Loeffler,S/BL 1986}) 9. h3 Bxf3 10. Qxf3 Bb4+ (10... Be7) 11. c3 Be7
12. Bg5 O-O-O 13. Bxf6 gxf6 14. Ke2 Kb8 {N} (14... h5 15. b3 Kb8 16. g4 Ba3 17.
Rad1 a5 $6 18. gxh5 Rdf8 19. Qf5 Qf7 20. Ng3 Bb2 21. Kd2 a4 22. Kc2 $16 {
Akopian,V-Yilmaz,T/Manila olm/1992}) 15. Rhd1 (15. b3 f5 16. Nd2 e4 $19) 15...
h5 16. Qf5 h4 17. g4 (17. b3 Qf7 $1 $17) 17... hxg3 18. fxg3 a5 19. h4 a4 $2 (
19... Qf7 $142 $132) 20. h5 Bc5 $6 21. Rd2 (21. Nxc5 Qxc5 $132) 21... Bb6 22.
g4 Rh6 23. b3 $16 Rg8 (23... axb3 $4 24. axb3 Qxb3 25. Rda2 $18) 24. Rf1 Bc5
25. bxa4 Be7 26. Rb1 Rd8 27. Rb3 b6 28. c4 Qa5 29. Qe6 Bf8 30. Rdb2 (30. Qxc6
$1 f5 31. Nf6 $40) 30... f5 31. Qxf5 Qxa4 32. Qxe5 Kb7 33. Qf5 Ba3 34. Rd2 (34.
Nc5+ Bxc5 35. Qxc5 $18) 34... Re8 35. Qf7 Rf8 36. Qg7 Re6 37. Kd1 $2 (37. Qc3
$16) 37... Rf1+ 38. Kc2 $4 Rc1# 0-1